Hrádzu erózii Zmenou kultúr a spôsobu obrábania, k ochrane pôdy

Bibliographic Details
Main Author: Jambor, Pavel, 1938-2005 (Author)
Format: Article
Language:Slovak
Subjects:

MARC

LEADER 00000nab a2200000 a 4500
001 vtls000173736
003 SK-MaSNL
005 20260302210203.0
008 111104c1984 xo 0 slo
015 |a SNBRB19rr/mm-uuuuu 
035 |a CL0183848 
040 |a SNKBUCL  |b slo  |c SNKBUCL  |e AACR2 
041 0 |a slo 
044 |a xo  |c SK 
080 |a 631.459+632.125  |2 1981 
080 |a 632.125  |2 1981 
080 |a 631.51  |2 1981 
100 1 |a Jambor, Pavel,  |d 1938-2005  |4 aut  |9 190866 
245 1 0 |a Hrádzu erózii  |b Zmenou kultúr a spôsobu obrábania, k ochrane pôdy  |c Pavel Jambor 
650 0 7 |a pôdna erózia  |2 snkbucl  |9 55316 
650 0 7 |a poľnohospodárska pôda  |2 snkbucl  |9 31794 
655 7 |a články z novín a časopisov  |2 snkbucl  |9 267496 
773 0 |t Roľnícke noviny  |g Roč. 39, č. 15 (18. 1. 1984), s. 5 
850 |a Slovenská národná knižnica v Martine  |a MTA001 
852 |a SNK  |b KIS3GCP 
958 |a RK 
992 |a RBX 
999 |c 1481313  |d 1483243